000 00558nam a2200181 4500
001 144797
003 ES-MaACL
005 20230906201112.0
007 t|
008 070214s1971 sp r ||||1| spa d
100 1 _aSlaughter, Frank G.
_9106773
245 1 0 _aCon el corazón de otro /
_cFrank G. Slaughter ; [versión de Daniel Landes].
250 _a[1ª ed.].
260 _aBarcelona :
_bLuis de Caralt,
_c1971 (
_eAndorra :
_fCasal i Vall)
300 _a381 p. ;
_c20 cm.
700 1 _aLandes, Daniel.
_969944
852 _aES-MaACL
_jC-39520
_bR.76424
999 _c144797
_d144797